Discover Delhi : (Record no. 35106)
[ view plain ]
| 000 -LEADER | |
|---|---|
| fixed length control field | 00747nam a22002177a 4500 |
| 005 - DATE AND TIME OF LATEST TRANSACTION | |
| control field | 20210602125559.0 |
| 010 ## - LCCN (DPL NO) | |
| LC control number | B-379480 |
| 020 ## - INTERNATIONAL STANDARD BOOK NUMBER | |
| International Standard Book Number | 9789812615183 |
| Terms of availability | 399.00 |
| 020 ## - INTERNATIONAL STANDARD BOOK NUMBER | |
| International Standard Book Number | 9812615180 |
| Terms of availability | 399.00 |
| 035 ## - SYSTEM CONTROL NUMBER | |
| System control number | B-379480 |
| 037 ## - SOURCE OF ACQUISITION | |
| Source of stock number/acquisition | UBH |
| 082 ## - DEWEY DECIMAL CLASSIFICATION NUMBER | |
| Classification number | 954.16 |
| 100 ## - MAIN ENTRY--PERSONAL NAME | |
| Personal name | Chandra, Anjana Motihar |
| 245 ## - TITLE STATEMENT | |
| Title | Discover Delhi : |
| Remainder of title | the city's history & culture redefined / |
| Statement of responsibility, etc | by Anjana Motihar Chandra. |
| 260 ## - PUBLICATION, DISTRIBUTION, ETC. (IMPRINT) | |
| Place of publication, distribution, etc | Singapore : |
| Name of publisher, distributor, etc | Marshall Cavendish Editions ; |
| Date of publication, distribution, etc | 2008 |
| 270 ## - ADDRESS | |
| Address | 1 New Industrial Road, |
| City | Singapore |
| 300 ## - PHYSICAL DESCRIPTION | |
| Extent | 159 p. : |
| Other physical details | col. ill., col. map ; |
| Dimensions | 22 cm(pbk) |
| 500 ## - GENERAL NOTE | |
| General note | Includes index |
| 942 ## - ADDED ENTRY ELEMENTS (KOHA) | |
| Source of classification or shelving scheme | Dewey Decimal Classification |
| Item type | English Books |
| Classification part | 954.16 |
| Call number suffix | CHA |
| Withdrawn status | Lost status | Not for loan | Collection code | Home library | Current library | Date acquired | Source of acquisition | Cost, normal purchase price | Full call number | Barcode | Copy number | Cost, replacement price | Koha item type |
|---|---|---|---|---|---|---|---|---|---|---|---|---|---|
| Not For Loan | Reference | Central Library | Central Library | 06/04/2010 | UBH/245/24.2.10/178/23.2.10/24.2.10 | 399.00 | 954.16 CHA | B-379480 | 1 | 399.00 | English Books | ||
| Not For Loan | Reference | Central Library | Central Library | 29/12/2020 | BPPD | 399.00 | 954.16 CHA | B-389021 | 1 | 399.00 | English Books |
